| 000 | 00949nam a2200265 i 4500 | ||
|---|---|---|---|
| 001 | 169862 | ||
| 003 | ES-MaACL | ||
| 005 | 20251013211845.0 | ||
| 008 | 081209s1955 fr |||| | fre d | ||
| 080 | _a78.035 | ||
| 100 | 1 |
_aChantavoine, Jean. _937983 |
|
| 245 | 1 | 3 |
_aLe romantisme dans la musique européenne / _cpar Jean Chantavoine et Jean Gaudefroy-Demombynes. |
| 260 |
_aParis : _bAlbin Michel, _c1955. |
||
| 300 |
_aXXVII, 611 p. ; _c21 cm. |
||
| 490 | 1 |
_aL'ère romantique ; _v3 |
|
| 490 | 1 |
_aL'évolution de l'humanité ; _v76ter |
|
| 500 | _aÍndices. | ||
| 504 | _aBibliografía. | ||
| 650 | 7 |
_aRomanticismo (Música) _2 _9139059 |
|
| 700 | 1 |
_aGaudefroy-Demombynes, Jean, _d1898-1984 _9153890 |
|
| 830 | 0 |
_aL'ère romantique ; _v3 _9222916 |
|
| 830 | 0 |
_aL'évolution de l'humanité ; _v76ter _9181507 |
|
| 852 | 4 |
_aES-MaACL _jE-12336 _9R.140519 _zBiblioteca Jacinto Martínez Lacalle |
|
| 999 |
_c169862 _d169862 |
||